000 00257nam a2200097Ia 4500
008 230508s2003 xx 000 0 und d
041 _aeng
100 _aBASS,BARKOVICH,SAVSTIYANOV
245 _aRELAY PROTECTION ELECTRICIAN
260 _bMIR PUBLI.MOSCOW
_c2003
999 _c724096
_d724096